[Event "Is Bankasi Online Satranc Turn.13-14 Yas"]
[Site "T#645826Mustafa Kemal"]
[Date "2020.05.08"]
[Round "3"]
[White "Metehanozen36"]
[Black "Hasanatis76"]
[Result "1-0"]
[WhiteElo "1885"]
[BlackElo "1812"]
[Annotator "NA RC"]
[PlyCount "71"]
[EventDate "2020.05.08"]
[EventType "swiss (blitz)"]

1. d4 {[%emt 0:00:08]} d5 {[%emt 0:00:01]} 2. Nf3 {[%emt 0:00:01]} Nf6 {[%emt 0:00:01]} 3. Bf4 {[%emt 0:00:00]} Bf5 {[%emt 0:00:01]} 4. e3 {[%emt 0:00:01]} c6 {[%emt 0:00:01]} 5. Be2 {[%emt 0:00:01]} e6 {[%emt 0:00:01]} 6. O-O {[%emt 0:00:01]} Be7 {[%emt 0:00:01]} 7. Nbd2 {[%emt 0:00:04]} O-O {[%emt 0:00:01]} 8. Nh4 {[%emt 0:00:06]} Bg6 {[%emt 0:00:02]} 9. Nxg6 {[%emt 0:00:01]} hxg6 {[%emt 0:00:00]} 10. c3 {[%emt 0:00:09]} Nh5 {[%emt 0:00:02]} 11. Bxh5 {[%emt 0:00:02]} gxh5 {[%emt 0:00:01]} 12. Qxh5 {[%emt 0:00:01]} Nd7 {[%emt 0:00:03]} 13. Nf3 {[%emt 0:00:02]} Nf6 {[%emt 0:00:04]} 14. Qh3 {[%emt 0:00:00]} Ne4 {[%emt 0:00:06]} 15. Ne5 {[%emt 0:00:13]} Bf6 {[%emt 0:00:06]} 16. f3 {[%emt 0:00:06]} Nd2 {[%emt 0:00:11]} 17. Rf2 {[%emt 0:00:08]} Nc4 {[%emt 0:00:24]} 18. Nxc4 {[%emt 0:00:03]} dxc4 {[%emt 0:00:00]} 19. e4 {[%emt 0:00:02]} c5 {[%emt 0:00:28]} 20. e5 {[%emt 0:00:02]} Be7 {[%emt 0:00:02]} 21. Rd1 {[%emt 0:00:05]} cxd4 {[%emt 0:00:05]} 22. Rxd4 {[%emt 0:00:03]} Qb6 {[%emt 0:00:07]} 23. Be3 {[%emt 0:00:07]} Bc5 {[%emt 0:00:04]} 24. Rh4 {[%emt 0:00:03]} f6 {[%emt 0:00:12]} 25. Bxc5 {[%emt 0:00:12]} Qxc5 {[%emt 0:00:03]} 26. Qxe6+ {[%emt 0:00:02]} Rf7 {[%emt 0:00:01]} 27. exf6 {[%emt 0:00:04]} Rd8 {[%emt 0:00:05]} 28. Rd4 {[%emt 0:00:13]} Rxd4 {[%emt 0:00:07]} 29. cxd4 {[%emt 0:00:06]} Qxd4 {[%emt 0:00:00]} 30. Qe8+ {[%emt 0:00:08]} Rf8 {[%emt 0:00:04]} 31. f7+ {[%emt 0:00:01]} Kh7 {[%emt 0:00:04]} 32. Qxf8 {[%emt 0:00:02]} Qd1+ {[%emt 0:00:01]} 33. Rf1 {[%emt 0:00:01]} Qd4+ {[%emt 0:00:01]} 34. Kh1 {[%emt 0:00:01]} Qd3 {[%emt 0:00:02]} 35. Qg8+ {[%emt 0:00:05]} Kg6 {[%emt 0:00:03]} 36. Rg1 {[%emt 0:00:05] Hasanatis76 terk eder (Lag: Av=0.85s, max=1.1s)} 1-0

[Event "Is Bankasi Online Satranc Turn.13-14 Yas"]
[Site "T#645826Mustafa Kemal"]
[Date "2020.05.08"]
[Round "3"]
[White "Berkeeroglu76"]
[Black "Aliosmanalanba26"]
[Result "1-0"]
[WhiteElo "1843"]
[BlackElo "1620"]
[Annotator "NA RC"]
[PlyCount "85"]
[EventDate "2020.05.08"]
[EventType "swiss (blitz)"]

1. e4 {[%emt 0:00:03]} c5 {[%emt 0:00:02]} 2. Nc3 {[%emt 0:00:02]} Nc6 {[%emt 0:00:03]} 3. g3 {[%emt 0:00:01]} g6 {[%emt 0:00:02]} 4. Bg2 {[%emt 0:00:01]} Bg7 {[%emt 0:00:01]} 5. d3 {[%emt 0:00:02]} d6 {[%emt 0:00:05]} 6. Be3 {[%emt 0:00:02]} e6 {[%emt 0:00:04]} 7. Qd2 {[%emt 0:00:02]} Nge7 {[%emt 0:00:05]} 8. Bh6 {[%emt 0:00:01]} Bxh6 {[%emt 0:00:24]} 9. Qxh6 {[%emt 0:00:00]} Nd4 {[%emt 0:00:01]} 10. O-O-O {[%emt 0:00:04]} Bd7 {[%emt 0:00:25]} 11. Nge2 {[%emt 0:00:04]} Nxe2+ {[%emt 0:00:18]} 12. Nxe2 {[%emt 0:00:03]} Qa5 {[%emt 0:00:01]} 13. Kb1 {[%emt 0:00:06]} O-O-O {[%emt 0:00:03]} 14. Qg7 {[%emt 0:00:19]} Nc6 {[%emt 0:00:29]} 15. d4 {[%emt 0:00:45]} cxd4 {[%emt 0:00:44]} 16. Nxd4 {[%emt 0:00:05]} Nxd4 {[%emt 0:00:09]} 17. Qxd4 {[%emt 0:00:06]} Bc6 {[%emt 0:00:07]} 18. Rd3 {[%emt 0:00:25]} e5 {[%emt 0:00:15]} 19. Qe3 {[%emt 0:00:13]} Qc5 {[%emt 0:00:04]} 20. Qd2 {[%emt 0:00:13]} f5 {[%emt 0:00:09]} 21. Rc3 {[%emt 0:00:22]} Qb6 {[%emt 0:00:02]} 22. exf5 {[%emt 0:00:07]} gxf5 {[%emt 0:00:01]} 23. Bxc6 {[%emt 0:00:02]} bxc6 {[%emt 0:00:01]} 24. Rb3 {[%emt 0:00:03]} Qa6 {[%emt 0:00:05]} 25. Rd1 {[%emt 0:00:02]} d5 {[%emt 0:00:04]} 26. Ra3 {[%emt 0:00:02]} Qb6 {[%emt 0:00:01]} 27. Qc3 {[%emt 0:00:09]} Rhe8 {[%emt 0:00:02]} 28. Rb3 {[%emt 0:00:07]} Qc7 {[%emt 0:00:02]} 29. Qd3 {[%emt 0:00:07]} e4 {[%emt 0:00:01]} 30. Qa6+ {[%emt 0:00:02]} Kd7 {[%emt 0:00:02]} 31. Rb7 {[%emt 0:00:01]} Rb8 {[%emt 0:00:04]} 32. Rxc7+ {[%emt 0:00:02]} Kxc7 {[%emt 0:00:00]} 33. Qa3 {[%emt 0:00:04]} Rb7 {[%emt 0:00:02]} 34. Qc3 {[%emt 0:00:03]} Reb8 {[%emt 0:00:02]} 35. b3 {[%emt 0:00:01]} Kd6 {[%emt 0:00:04]} 36. Qf6+ {[%emt 0:00:01]} Kc5 {[%emt 0:00:01]} 37. c3 {[%emt 0:00:05]} a5 {[%emt 0:00:01]} 38. Kc2 {[%emt 0:00:02]} a4 {[%emt 0:00:01]} 39. b4+ {[%emt 0:00:01]} Kb5 {[%emt 0:00:01]} 40. Qd6 {[%emt 0:00:02]} Rb6 {[%emt 0:00:04]} 41. Qc5+ {[%emt 0:00:01]} Ka6 {[%emt 0:00:01]} 42. a3 {[%emt 0:00:01]} R8b7 {[%emt 0:00:02]} 43. Qa5# {[%emt 0:00:02] (Lag: Av=0.59s, max=0.8s)} 1-0

[Event "Is Bankasi Online Satranc Turn.13-14 Yas"]
[Site "T#645826Mustafa Kemal"]
[Date "2020.05.08"]
[Round "3"]
[White "Abdullahmertan32"]
[Black "Doruksezis38"]
[Result "0-1"]
[WhiteElo "1800"]
[BlackElo "1730"]
[Annotator "NA RC"]
[PlyCount "86"]
[EventDate "2020.05.08"]
[EventType "swiss (blitz)"]

1. e4 {[%emt 0:00:03]} c5 {[%emt 0:00:01]} 2. Nf3 {[%emt 0:00:02]} d6 {[%emt 0:00:01]} 3. d4 {[%emt 0:00:01]} cxd4 {[%emt 0:00:00]} 4. Nxd4 {[%emt 0:00:01]} Nf6 {[%emt 0:00:01]} 5. Nc3 {[%emt 0:00:01]} g6 {[%emt 0:00:02]} 6. Be3 {[%emt 0:00:03]} Bg7 {[%emt 0:00:01]} 7. f3 {[%emt 0:00:02]} O-O {[%emt 0:00:01]} 8. Bc4 {[%emt 0:00:02]} Nc6 {[%emt 0:00:01]} 9. Qd2 {[%emt 0:00:03]} Nd7 {[%emt 0:00:01]} 10. h4 {[%emt 0:00:10]} Nb6 {[%emt 0:00:01]} 11. Bb3 {[%emt 0:00:03]} Na5 {[%emt 0:00:01]} 12. Qd3 {[%emt 0:00:53]} Bd7 {[%emt 0:00:33]} 13. h5 {[%emt 0:00:08]} Qc7 {[%emt 0:00:33]} 14. hxg6 {[%emt 0:00:11]} hxg6 {[%emt 0:00:02]} 15. O-O-O {[%emt 0:00:09]} Nac4 {[%emt 0:00:10]} 16. Bh6 {[%emt 0:00:22]} Qc5 {[%emt 0:00:32]} 17. Rh2 {[%emt 0:00:50]} Bxh6+ {[%emt 0:00:02]} 18. Kb1 {[%emt 0:00:03]} Bg7 {[%emt 0:00:06]} 19. Rdh1 {[%emt 0:00:02]} Qxd4 {[%emt 0:00:04]} 20. Qe2 {[%emt 0:00:10]} Na3+ {[%emt 0:00:35]} 21. Kc1 {[%emt 0:00:12]} Nac4 {[%emt 0:00:16]} 22. Kb1 {[%emt 0:00:07]} Rac8 {[%emt 0:00:10]} 23. Qe1 {[%emt 0:00:02]} Nxb2 {[%emt 0:00:15]} 24. Qh4 {[%emt 0:00:03]} Rfd8 {[%emt 0:00:20]} 25. Qh7+ {[%emt 0:00:02]} Kf8 {[%emt 0:00:01]} 26. Qh8+ {[%emt 0:00:02]} Bxh8 {[%emt 0:00:01]} 27. Rxh8+ {[%emt 0:00:02]} Kg7 {[%emt 0:00:01]} 28. R1h7+ {[%emt 0:00:02]} Kf6 {[%emt 0:00:00]} 29. Rxf7+ {[%emt 0:00:01]} Kg5 {[%emt 0:00:01]} 30. f4+ {[%emt 0:00:01]} Kg4 {[%emt 0:00:01]} 31. Rh3 {[%emt 0:00:05]} Qg1+ {[%emt 0:00:04]} 32. Kxb2 {[%emt 0:00:02]} Na4+ {[%emt 0:00:04]} 33. Bxa4 {[%emt 0:00:03]} Bxa4 {[%emt 0:00:00]} 34. Nxa4 {[%emt 0:00:01]} Rc4 {[%emt 0:00:02]} 35. Nc3 {[%emt 0:00:02]} Qb6+ {[%emt 0:00:01]} 36. Kc1 {[%emt 0:00:02]} Qb4 {[%emt 0:00:03]} 37. Nd5 {[%emt 0:00:02]} Qe1+ {[%emt 0:00:02]} 38. Kb2 {[%emt 0:00:01]} Rb4+ {[%emt 0:00:01]} 39. Nxb4 {[%emt 0:00:03]} Qxb4+ {[%emt 0:00:00]} 40. Kc1 {[%emt 0:00:01]} Qxe4 {[%emt 0:00:00]} 41. Rfh7 {[%emt 0:00:05]} Rc8 {[%emt 0:00:02]} 42. R7h4+ {[%emt 0:00:02]} Kf5 {[%emt 0:00:01]} 43. Rf3 {[%emt 0:00:03]} Qxc2# {[%emt 0:00:01] (Lag: Av=1.40s, max=7.4s)} 0-1

[Event "Is Bankasi Online Satranc Turn.13-14 Yas"]
[Site "T#645826Mustafa Kemal"]
[Date "2020.05.08"]
[Round "3"]
[White "Yasarefekayan18"]
[Black "Alikarakilinc90"]
[Result "1-0"]
[WhiteElo "1770"]
[BlackElo "1852"]
[Annotator "NA RC"]
[PlyCount "77"]
[EventDate "2020.05.08"]
[EventType "swiss (blitz)"]

1. e4 {[%emt 0:00:04]} e5 {[%emt 0:00:02]} 2. Nc3 {[%emt 0:00:01]} Nc6 {[%emt 0:00:01]} 3. g3 {[%emt 0:00:02]} d6 {[%emt 0:00:03]} 4. Bg2 {[%emt 0:00:03]} Be7 {[%emt 0:00:03]} 5. d3 {[%emt 0:00:01]} Nf6 {[%emt 0:00:02]} 6. f4 {[%emt 0:00:04]} Bd7 {[%emt 0:00:09]} 7. Nf3 {[%emt 0:00:03]} a6 {[%emt 0:00:03]} 8. O-O {[%emt 0:00:02]} O-O {[%emt 0:00:09]} 9. f5 {[%emt 0:00:01]} Re8 {[%emt 0:00:17]} 10. h3 {[%emt 0:00:03]} Bf8 {[%emt 0:00:01]} 11. g4 {[%emt 0:00:02]} h6 {[%emt 0:00:08]} 12. Nh2 {[%emt 0:00:03]} Nh7 {[%emt 0:00:04]} 13. Nf3 {[%emt 0:00:10]} Be7 {[%emt 0:00:11]} 14. Nd5 {[%emt 0:00:06]} Kh8 {[%emt 0:00:16]} 15. h4 {[%emt 0:00:05]} Bxh4 {[%emt 0:00:04]} 16. Nxh4 {[%emt 0:00:02]} Qxh4 {[%emt 0:00:02]} 17. Nxc7 {[%emt 0:00:01]} Rec8 {[%emt 0:00:06]} 18. Nxa8 {[%emt 0:00:02]} Rxa8 {[%emt 0:00:01]} 19. Qf3 {[%emt 0:00:06]} Nd4 {[%emt 0:00:02]} 20. Qf2 {[%emt 0:00:13]} Qxf2+ {[%emt 0:00:07]} 21. Rxf2 {[%emt 0:00:03]} Rc8 {[%emt 0:00:04]} 22. c3 {[%emt 0:00:01]} Nc6 {[%emt 0:00:02]} 23. Rf3 {[%emt 0:00:17]} Ne7 {[%emt 0:00:02]} 24. Kf2 {[%emt 0:00:10]} Bc6 {[%emt 0:00:01]} 25. f6 {[%emt 0:00:15]} Nxf6 {[%emt 0:00:09]} 26. g5 {[%emt 0:00:09]} hxg5 {[%emt 0:00:14]} 27. Bxg5 {[%emt 0:00:02]} Neg8 {[%emt 0:00:10]} 28. Rh1+ {[%emt 0:00:19]} Nh6 {[%emt 0:00:08]} 29. Bxf6 {[%emt 0:00:04]} Kh7 {[%emt 0:00:23]} 30. Bxg7 {[%emt 0:00:09]} Kxg7 {[%emt 0:00:02]} 31. Rg3+ {[%emt 0:00:01]} Kh7 {[%emt 0:00:04]} 32. Rgh3 {[%emt 0:00:02]} Kg7 {[%emt 0:00:01]} 33. Rxh6 {[%emt 0:00:01]} Bd7 {[%emt 0:00:06]} 34. Rh7+ {[%emt 0:00:01]} Kg8 {[%emt 0:00:03]} 35. Rh8+ {[%emt 0:00:01]} Kg7 {[%emt 0:00:01]} 36. Rxc8 {[%emt 0:00:04]} Bxc8 {[%emt 0:00:00]} 37. Bh3 {[%emt 0:00:01]} Bxh3 {[%emt 0:00:02]} 38. Rxh3 {[%emt 0:00:00]} Kg6 {[%emt 0:00:05]} 39. d4 {[%emt 0:00:00] Alikarakilinc90 terk eder (Lag: Av=0.36s, max=0.7s)} 1-0

[Event "Is Bankasi Online Satranc Turn.13-14 Yas"]
[Site "T#645826Mustafa Kemal"]
[Date "2020.05.08"]
[Round "3"]
[White "Muhammedeminar20"]
[Black "Sarpkagankoca32"]
[Result "1-0"]
[WhiteElo "1762"]
[BlackElo "1620"]
[Annotator "NA RC"]
[PlyCount "45"]
[EventDate "2020.05.08"]
[EventType "swiss (blitz)"]
[TimeControl "180+2"]

1. d4 {[%emt 0:00:02]} Nf6 {[%emt 0:00:02]} 2. Nf3 {[%emt 0:00:07]} e6 {[%emt 0:00:04]} 3. Bf4 {[%emt 0:00:01]} d5 {[%emt 0:00:05]} 4. e3 {[%emt 0:00:02]} c5 {[%emt 0:00:01]} 5. c3 {[%emt 0:00:01]} Nc6 {[%emt 0:00:02]} 6. Bd3 {[%emt 0:00:01]} Bd7 {[%emt 0:00:03]} 7. Nbd2 {[%emt 0:00:02]} Be7 {[%emt 0:00:03]} 8. h3 {[%emt 0:00:01]} O-O {[%emt 0:00:02]} 9. O-O {[%emt 0:00:00]} Rc8 {[%emt 0:00:05]} 10. Bh2 {[%emt 0:00:14]} cxd4 {[%emt 0:00:17]} 11. exd4 {[%emt 0:00:01]} Be8 {[%emt 0:00:23]} 12. Re1 {[%emt 0:00:24]} Bd6 {[%emt 0:00:18]} 13. Bxd6 {[%emt 0:00:21]} Qxd6 {[%emt 0:00:00]} 14. Ne5 {[%emt 0:00:01]} Nd7 {[%emt 0:00:14]} 15. f4 {[%emt 0:00:04]} Ndxe5 {[%emt 0:00:26]} 16. fxe5 {[%emt 0:00:02]} Qe7 {[%emt 0:00:00]} 17. Nf3 {[%emt 0:00:06]} h6 {[%emt 0:00:06]} 18. Rc1 {[%emt 0:00:07]} Na5 {[%emt 0:00:19]} 19. b3 {[%emt 0:00:10]} Rc6 {[%emt 0:00:32]} 20. Bb1 {[%emt 0:00:30]} Qc7 {[%emt 0:00:21]} 21. Qd3 {[%emt 0:00:02]} g6 {[%emt 0:00:01]} 22. Nh2 {[%emt 0:00:11]} h5 {[%emt 0:00:10]} 23. g4 {[%emt 0:00:03] Zaman (Lag: Av=0.61s, max=1.3s)} 1-0

[Event "Is Bankasi Online Satranc Turn.13-14 Yas"]
[Site "T#645826Mustafa Kemal"]
[Date "2020.05.08"]
[Round "3"]
[White "Kadirkaanmazlu94"]
[Black "Caputcuoglu20"]
[Result "0-1"]
[WhiteElo "1745"]
[BlackElo "2077"]
[Annotator "TA"]
[PlyCount "74"]
[EventDate "2020.05.08"]
[EventType "swiss (blitz)"]

{[%evp 9,73,8,22,22,30,14,14,-2,8,-2,-2,-20,-12,-37,-35,-284,-279,-280,-276,-381,-364,-526,-457,-437,-286,-369,-337,-442,-400,-397,-381,-414,-420,-508,-485,-487,-490,-486,-443,-1078,-1054,-1053,-1043,-991,-892,-958,-931,-949,-952,-954,-945,-1110,-1079,-2081,-1767,-29986,-29984,-29983,-29973,-29993,-29994,-29997,-29998,-29998,-29999,-29999]} 1. e4 e5 2. Nf3 Nc6 3. Bb5 a6 4. Ba4 d6 5. d3 Bd7 (5... b5 $5 6. Bb3 $8 Na5 $11) 6. O-O {C71: Ruy Lopez: Deferred Steinitz Variation, sidelines.} g6 7. Nc3 Bg7 8. Re1 {The position is equal.} Nge7 {[#]} 9. a3 $146 ({Predecessor:} 9. Ne2 O-O 10. Ng3 h6 11. Be3 f5 12. exf5 gxf5 13. Bd2 d5 14. Nh4 f4 15. Ne2 {0-1 (34) Conrado Reyes,R-Velasquez,R (2013) Managua 2011}) 9... O-O 10. Bg5 h6 11. Be3 f5 12. Qd2 $2 {[#]} ({Better is} 12. Bb3+ $15 Kh8 13. exf5) 12... f4 $19 13. Bb3+ Kh7 14. Bxf4 Rxf4 15. d4 (15. Ne2 $142 Rf8 16. Kh1) 15... Bg4 16. d5 Nb8 {[%cal Bc6b8,Bb8d7,Bd7e5][%mdl 32]} 17. Re3 Bxf3 18. gxf3 Nd7 19. Ne2 Rf7 20. Kh1 h5 21. Rg1 Bh6 {aiming for ...Rxf3!} 22. f4 exf4 23. Rf3 Ne5 24. Rc3 (24. Nd4 $142) 24... f3 {[%mdl 64] [#] Discovered Attack} 25. Qe1 fxe2 26. Qxe2 Qf8 27. Rf1 Rc8 28. Rg3 Bf4 29. Rg2 Qh6 30. f3 Rcf8 31. Rgf2 Be3 32. Rg2 Rxf3 {Black mates.} 33. Rxf3 Rxf3 34. c4 Qf4 35. Qxf3 Qxf3 36. Bd1 Qxd1+ 37. Rg1 Qxg1# {White got outplayed after the opening. Accuracy: White = 38%, Black = 85%.} 0-1

[Event "Is Bankasi Online Satranc Turn.13-14 Yas"]
[Site "T#645826Mustafa Kemal"]
[Date "2020.05.08"]
[Round "3"]
[White "Tugrakamilerog20"]
[Black "Aytacaydin76"]
[Result "0-1"]
[WhiteElo "1691"]
[BlackElo "1727"]
[Annotator "NA RC"]
[PlyCount "38"]
[EventDate "2020.05.08"]
[EventType "swiss (blitz)"]

1. d4 {[%emt 0:00:05]} d5 {[%emt 0:00:02]} 2. e3 {[%emt 0:00:05]} Nf6 {[%emt 0:00:03]} 3. c4 {[%emt 0:00:03]} dxc4 {[%emt 0:00:01]} 4. Bxc4 {[%emt 0:00:02]} e6 {[%emt 0:00:01]} 5. Nc3 {[%emt 0:00:02]} c5 {[%emt 0:00:01]} 6. Nf3 {[%emt 0:00:11]} Nc6 {[%emt 0:00:02]} 7. d5 {[%emt 0:00:03]} exd5 {[%emt 0:00:05]} 8. Bb5 {[%emt 0:00:03]} Bg4 {[%emt 0:00:28]} 9. Bxc6+ {[%emt 0:00:03]} bxc6 {[%emt 0:00:04]} 10. O-O {[%emt 0:00:06]} Bd6 {[%emt 0:00:05]} 11. Re1 {[%emt 0:00:13]} O-O {[%emt 0:00:03]} 12. h3 {[%emt 0:00:05]} Bh5 {[%emt 0:00:04]} 13. b3 {[%emt 0:00:07]} Qc7 {[%emt 0:00:07]} 14. g3 {[%emt 0:00:17]} Bxg3 {[%emt 0:00:12]} 15. fxg3 {[%emt 0:00:29]} Qxg3+ {[%emt 0:00:03]} 16. Kf1 {[%emt 0:00:02]} Bxf3 {[%emt 0:00:12]} 17. Qd2 {[%emt 0:00:07]} Qxh3+ {[%emt 0:00:02]} 18. Kg1 {[%emt 0:00:05]} Qh1+ {[%emt 0:00:01]} 19. Kf2 {[%emt 0:00:05]} Qg2# {[%emt 0:00:01] (Lag: Av=0.69s, max=1.7s)} 0-1

[Event "Is Bankasi Online Satranc Turn.13-14 Yas"]
[Site "T#645826Mustafa Kemal"]
[Date "2020.05.08"]
[Round "3"]
[White "Batuhanfettah06"]
[Black "Mustafaayhanat22"]
[Result "1-0"]
[WhiteElo "1655"]
[BlackElo "1620"]
[Annotator "NA RC"]
[PlyCount "87"]
[EventDate "2020.05.08"]
[EventType "swiss (blitz)"]

1. e4 {[%emt 0:00:03]} e5 {[%emt 0:00:01]} 2. Nf3 {[%emt 0:00:03]} Nc6 {[%emt 0:00:01]} 3. Bc4 {[%emt 0:00:02]} h6 {[%emt 0:00:03]} 4. d3 {[%emt 0:00:02]} Nf6 {[%emt 0:00:03]} 5. Nc3 {[%emt 0:00:02]} Bc5 {[%emt 0:00:02]} 6. O-O {[%emt 0:00:05]} d6 {[%emt 0:00:02]} 7. h3 {[%emt 0:00:08]} Be6 {[%emt 0:00:02]} 8. Bb3 {[%emt 0:00:04]} Nd4 {[%emt 0:00:09]} 9. Nxd4 {[%emt 0:00:10]} Bxd4 {[%emt 0:00:03]} 10. Nb5 {[%emt 0:00:18]} Bb6 {[%emt 0:00:06]} 11. Ba4 {[%emt 0:00:11]} c6 {[%emt 0:00:06]} 12. Nc3 {[%emt 0:00:04]} O-O {[%emt 0:00:17]} 13. Be3 {[%emt 0:00:13]} c5 {[%emt 0:00:13]} 14. Bb3 {[%emt 0:00:06]} d5 {[%emt 0:00:17]} 15. exd5 {[%emt 0:00:04]} Bxd5 {[%emt 0:00:07]} 16. Nxd5 {[%emt 0:00:26]} Nxd5 {[%emt 0:00:05]} 17. Bxd5 {[%emt 0:00:05]} Qxd5 {[%emt 0:00:03]} 18. Qg4 {[%emt 0:00:03]} Qd6 {[%emt 0:00:20]} 19. Rfe1 {[%emt 0:00:08]} Rfe8 {[%emt 0:00:06]} 20. Re2 {[%emt 0:00:17]} Qe6 {[%emt 0:00:06]} 21. Qg3 {[%emt 0:00:18]} Qf6 {[%emt 0:00:20]} 22. Rae1 {[%emt 0:00:34]} Rac8 {[%emt 0:00:12]} 23. Bd2 {[%emt 0:00:09]} Bc7 {[%emt 0:00:08]} 24. Bc3 {[%emt 0:00:05]} Qc6 {[%emt 0:00:11]} 25. Bxe5 {[%emt 0:00:02]} Bxe5 {[%emt 0:00:02]} 26. Rxe5 {[%emt 0:00:01]} Rxe5 {[%emt 0:00:02]} 27. Qxe5 {[%emt 0:00:02]} Re8 {[%emt 0:00:07]} 28. Qxe8+ {[%emt 0:00:02]} Qxe8 {[%emt 0:00:02]} 29. Rxe8+ {[%emt 0:00:00]} Kh7 {[%emt 0:00:02]} 30. Ra8 {[%emt 0:00:02]} a6 {[%emt 0:00:03]} 31. Rb8 {[%emt 0:00:01]} b5 {[%emt 0:00:01]} 32. Ra8 {[%emt 0:00:06]} f5 {[%emt 0:00:06]} 33. Rxa6 {[%emt 0:00:02]} b4 {[%emt 0:00:03]} 34. Rc6 {[%emt 0:00:04]} c4 {[%emt 0:00:06]} 35. Rxc4 {[%emt 0:00:02]} g5 {[%emt 0:00:03]} 36. Rxb4 {[%emt 0:00:01]} Kg6 {[%emt 0:00:02]} 37. a4 {[%emt 0:00:01]} g4 {[%emt 0:00:03]} 38. a5 {[%emt 0:00:01]} gxh3 {[%emt 0:00:01]} 39. gxh3 {[%emt 0:00:01]} Kg5 {[%emt 0:00:01]} 40. a6 {[%emt 0:00:02]} h5 {[%emt 0:00:01]} 41. a7 {[%emt 0:00:01]} f4 {[%emt 0:00:04]} 42. a8=Q {[%emt 0:00:01]} f3 {[%emt 0:00:01]} 43. Qg8+ {[%emt 0:00:06]} Kh6 {[%emt 0:00:04]} 44. Rb6# {[%emt 0:00:03] (Lag: Av=1.35s, max=1.8s)} 1-0

[Event "Is Bankasi Online Satranc Turn.13-14 Yas"]
[Site "T#645826Mustafa Kemal"]
[Date "2020.05.08"]
[Round "3"]
[White "Caganbektas16"]
[Black "Mehmetemrebulg50"]
[Result "0-1"]
[WhiteElo "1652"]
[BlackElo "1620"]
[Annotator "NA RC"]
[PlyCount "110"]
[EventDate "2020.05.08"]
[EventType "swiss (blitz)"]

1. d4 {[%emt 0:00:03]} c5 {[%emt 0:00:08]} 2. d5 {[%emt 0:00:02]} e5 {[%emt 0:00:02]} 3. e4 {[%emt 0:00:03]} d6 {[%emt 0:00:02]} 4. Nc3 {[%emt 0:00:06]} g6 {[%emt 0:00:00]} 5. Nf3 {[%emt 0:00:04]} Bg7 {[%emt 0:00:00]} 6. Be2 {[%emt 0:00:06]} Ne7 {[%emt 0:00:01]} 7. O-O {[%emt 0:00:08]} O-O {[%emt 0:00:02]} 8. Nd2 {[%emt 0:00:02]} f5 {[%emt 0:00:04]} 9. f3 {[%emt 0:00:01]} Nd7 {[%emt 0:00:01]} 10. Nc4 {[%emt 0:00:02]} Nf6 {[%emt 0:00:01]} 11. Bg5 {[%emt 0:00:15]} a6 {[%emt 0:00:02]} 12. a4 {[%emt 0:00:02]} fxe4 {[%emt 0:00:03]} 13. fxe4 {[%emt 0:00:02]} h6 {[%emt 0:00:12]} 14. Bh4 {[%emt 0:00:02]} g5 {[%emt 0:00:02]} 15. Bg3 {[%emt 0:00:01]} Ng6 {[%emt 0:00:06]} 16. a5 {[%emt 0:00:04]} Nf4 {[%emt 0:00:06]} 17. Bd3 {[%emt 0:00:04]} Bg4 {[%emt 0:00:08]} 18. Ne2 {[%emt 0:00:05]} Nxe2+ {[%emt 0:00:27]} 19. Bxe2 {[%emt 0:00:02]} Bxe2 {[%emt 0:00:01]} 20. Qxe2 {[%emt 0:00:01]} Ne8 {[%emt 0:00:24]} 21. Rxf8+ {[%emt 0:00:03]} Bxf8 {[%emt 0:00:02]} 22. Qh5 {[%emt 0:00:00]} Bg7 {[%emt 0:00:08]} 23. Rf1 {[%emt 0:00:03]} Nf6 {[%emt 0:00:04]} 24. Qg6 {[%emt 0:00:05]} Qe7 {[%emt 0:00:10]} 25. Ne3 {[%emt 0:00:08]} Qf7 {[%emt 0:00:06]} 26. Qxf7+ {[%emt 0:00:13]} Kxf7 {[%emt 0:00:01]} 27. Nf5 {[%emt 0:00:08]} Bf8 {[%emt 0:00:15]} 28. h4 {[%emt 0:00:16]} Kg6 {[%emt 0:00:05]} 29. hxg5 {[%emt 0:00:03]} hxg5 {[%emt 0:00:02]} 30. Re1 {[%emt 0:00:03]} Rb8 {[%emt 0:00:05]} 31. Bf2 {[%emt 0:00:11]} b6 {[%emt 0:00:05]} 32. axb6 {[%emt 0:00:02]} Rxb6 {[%emt 0:00:00]} 33. b3 {[%emt 0:00:01]} a5 {[%emt 0:00:07]} 34. Ng3 {[%emt 0:00:02]} Rb4 {[%emt 0:00:08]} 35. Re2 {[%emt 0:00:07]} c4 {[%emt 0:00:08]} 36. Be1 {[%emt 0:00:02]} Rb5 {[%emt 0:00:13]} 37. bxc4 {[%emt 0:00:03]} Rc5 {[%emt 0:00:02]} 38. Nf5 {[%emt 0:00:24]} Rxc4 {[%emt 0:00:04]} 39. Bxa5 {[%emt 0:00:07]} Rxe4 {[%emt 0:00:05]} 40. Rxe4 {[%emt 0:00:02]} Nxe4 {[%emt 0:00:00]} 41. Ne3 {[%emt 0:00:02]} Be7 {[%emt 0:00:03]} 42. c4 {[%emt 0:00:03]} Nc5 {[%emt 0:00:01]} 43. Bb4 {[%emt 0:00:03]} Nd3 {[%emt 0:00:01]} 44. Ba3 {[%emt 0:00:01]} Kf6 {[%emt 0:00:04]} 45. Kf1 {[%emt 0:00:02]} e4 {[%emt 0:00:01]} 46. Ke2 {[%emt 0:00:12]} Ke5 {[%emt 0:00:01]} 47. Nc2 {[%emt 0:00:11]} g4 {[%emt 0:00:04]} 48. Ne1 {[%emt 0:00:08]} Kd4 {[%emt 0:00:04]} 49. Nxd3 {[%emt 0:00:09]} exd3+ {[%emt 0:00:01]} 50. Kd2 {[%emt 0:00:00]} Bg5+ {[%emt 0:00:01]} 51. Kd1 {[%emt 0:00:01]} Bf4 {[%emt 0:00:01]} 52. Bc1 {[%emt 0:00:05]} Bxc1 {[%emt 0:00:02]} 53. Kxc1 {[%emt 0:00:00]} Kxc4 {[%emt 0:00:00]} 54. Kd2 {[%emt 0:00:00]} g3 {[%emt 0:00:04]} 55. Ke3 {[%emt 0:00:03]} Kc3 {[%emt 0:00:01] Caganbektas16 terk eder (Lag: Av=0.39s, max=0.7s)} 0-1